000 00581cam a2200181 a 4500
005 20250901165414.0
008 991018s2000 ohua b 001 0 eng
010 _a 99054496
020 _a0324013078 (alk. paper)
050 0 0 _aHF5635 .S5946 2000
_b.S5946 2000
082 0 0 _a657/.044
_221
100 1 _aSkousen, K. Fred.
245 1 0 _aIntermediate accounting.
250 _aEd. 14 /
_bK. Fred Skousen, Earl K. Stice, James D. Stice.
260 _aCincinnati, Ohio :
_bSouth-Western College Pub.,
_cc2000.
300 _axxx, 1254, [155] p. :
_bcol. ill. ;
_c29 cm.
942 _2ddc
999 _c3437
_d3437